Cigarettes After Sex - Entire Discography - Statistics

General Stats
  • This quiz has been taken 419 times
    376 since last reset
  • The average score is 22 of 43
Answer Stats
Album % Correct
Cry
97%
K.
94%
Apocalypse
91%
Sweet
84%
John Wayne
79%
Sunsetz
78%
Heavenly
75%
You
74%
Touch
73%
Opera House
70%
Nothing's Gonna Hurt You Baby
69%
Hentai
67%
Each Time You Fall in Love
60%
I'm a Firefighter
60%
Sesame Syrup
60%
Starry Eyes
60%
Flash
59%
Kiss It Off Me
58%
Falling in Love
57%
Dreaming Of You
55%
Pistol
55%
Truly
55%
Crush
54%
Don't Let Me Go
54%
Young & Dumb
54%
You're the Only Good Thing in My Life
53%
Affection
52%
Bubblegum
50%
Neon Moon
49%
Pure
48%
You're All I Want
47%
Keep On Loving You
44%
Motion Picture Soundtrack
41%
Please Don't Cry
13%
The Night Train
12%
Lay Here
10%
Woman With a Crow (The Last Train)
9%
Do You Know Where I Should Go?
8%
Every Light Is Out
8%
I Can't Stop These Tears From Falling
8%
Our Last Day
8%
Sing
8%
Run Towards Your Fears
7%
No matching quizzes found
Score Distribution
Percent of People with Each Score
Percentile by Number Answered
Your Score History
You have not taken this quiz since the last reset